Análisis de prefactibilidad para la readecuación de una planta para el procesamiento y almacenamiento de frijol
Αποθηκεύτηκε σε:
| Κύριος συγγραφέας: | |
|---|---|
| Μορφή: | Βιβλίο |
| Έκδοση: |
[San José , Costa Rica]
1991
|
| Θέματα: | |
| Ετικέτες: |
Προσθήκη ετικέτας
Δεν υπάρχουν, Καταχωρήστε ετικέτα πρώτοι!
|
MARC
| LEADER | 00000nam a2200000Ia 4500 | ||
|---|---|---|---|
| 003 | 007954 | ||
| 005 | 20221231144246.0 | ||
| 008 | 140114s1991 xx a 000 ||s d | ||
| 040 | |c cru CEDI | ||
| 090 | |a TFG 3473 | ||
| 100 | |a Henderson Blackman, Belinda María |9 10330 | ||
| 245 | |a Análisis de prefactibilidad para la readecuación de una planta para el procesamiento y almacenamiento de frijol | ||
| 260 | |c 1991 |a [San José , Costa Rica] | ||
| 300 | |a xv, 111 hojas : ilustraciones (algunas plegables) ; 28 cm. | ||
| 500 | |a Proyecto de graduacion (licenciatura en ingenieria agricola)--Universidad de Costa Rica. Facultad de Ingeniería. Escuela de Ingenieria Agricola | ||
| 650 | |x FRIJOLES |x ALMACENAMIENTO |x COMERCIO |9 10331 | ||
| 942 | |c TFG | ||
| 999 | |c 19210 |d 19210 | ||
